000 00428nam a2200145Ia 4500
008 240729s9999 xx 000 0 und d
022 _a2706-0233
245 0 _aTropical Agricultural Research
260 _aSri Lanka
260 _bPostgraduate Institute of Agriculture, University of Peradeniya
650 _aAgriculture
856 _uhttps://doaj.org/toc/349af1a010474c228495e93eb9102f70
942 _2ddc
942 _cDOAJEJ
999 _c71182
_d71182
945 _a1
_bMadushi Gamage
_c1
_dMadushi Gamage